00687nam a22001937a 450000500170000001000150001702000270003203500140005903700130007308200110008610000260009724500850012326000460020827000630025430000200031794200250033799900190036295201120038120230925105633.0 aENG-135831 a9788181714091c2350.00 aEN-119363 bDBAD/PUB a595.73 aSharma, Gaurav957355 aPictorial Handbook on Damselfies and Dragonflies of Rajasthan/cBy Gaurav Sharma aKolkatabZoological survey of indiac2015 aPrani Vigyan Bhawan, M-Block, New AliporebKolkatae700006 a266p.c22cm(hb) 2ddccENh595.73mSHA c191359d191359 001040708NFICaDBADbMeDBAD/PUBg2350.00l0o595.73 SHApEN-119363r2022-08-25 00:00:00t1v2350.00yEN